[Event "Novi Sad ol (Men)"]
[Site "Novi Sad"]
[Date "1990.??.??"]
[Round "14"]
[White "Ionescu, Constantin"]
[Black "Hmadi, Slaheddine"]
[Result "1/2-1/2"]
[WhiteElo "2440"]
[BlackElo "2335"]

1.d4 e6 2.c4 Nf6 3.Nf3 Bb4+ 4.Nbd2 d5 5.Qa4+ Nc6 6.a3 Bxd2+ 7.Bxd2 Ne4 8.e3 O-O
9.Bd3 e5 10.cxd5 Qxd5 11.Bc4 Qd6 12.d5 Nxd2 13.Nxd2 Ne7 14.Ne4 Qg6 15.Ng3 c6
16.dxc6 Nxc6 17.O-O Be6 18.Bxe6 Qxe6 19.Qb5 a6 20.Qb6 Nd8 21.Qb4 Nc6 22.Qb6 Nd8
23.Qa5 Nc6 24.Qc3 Rad8 25.Rfd1 Rd7 26.Rxd7 Qxd7 27.h3 Qd5 28.Qc2 Rd8 29.Ne4 h6
30.Rc1 Na5 31.Qc7 Nb3 32.Rc3 Rd7 33.Qc8+ Rd8 34.Qg4 Qd1+ 35.Kh2 Qxg4 36.hxg4 Nd2
37.Nc5 Nf1+ 38.Kh3 Rd2 39.b4 Rxf2 40.Nxb7 Re2 41.Nc5 Nxe3 42.Kg3 Nd5 43.Rd3 Nf4
44.Rd8+ Kh7 45.Kf3 Rc2 46.Nxa6 Rc3+ 47.Ke4 Rxa3 48.Nc5  1/2-1/2

[Event "Orange op"]
[Site "Orange"]
[Date "1990.??.??"]
[Round "6"]
[White "Werner, Dimo"]
[Black "Bersoult, Francois"]
[Result "1-0"]
[WhiteElo "2350"]
[BlackElo "2110"]

1.d4 Nf6 2.Nf3 e6 3.c4 Bb4+ 4.Nbd2 d5 5.Qc2 Nc6 6.a3 Be7 7.b3 O-O 8.Bb2 a5
9.e4 dxe4 10.Nxe4 Nxe4 11.Qxe4 f5 12.Qe3 Bf6 13.Be2 Qe7 14.O-O Bd7 15.Rad1 Rad8
16.Rfe1 Rfe8 17.Qc1 Bc8 18.Bc3 a4 19.b4 Na7 20.b5 c5 21.Ba5 Rd6 22.dxc5 Rxd1
23.Qxd1 Qxc5 24.Bb4 Qc7 25.c5 b6 26.c6 Nxc6 27.Qc2 Bd7 28.bxc6 Qxc6 29.Qxc6 Bxc6
30.Rc1 Bd5 31.Bb5 Ra8 32.Kf1 g5 33.Ke2 g4 34.Ne1 Be5 35.g3 Bd4 36.Nd3 Bf3+
37.Kd2 e5 38.Rc7 Bd5 39.Bc3 Bxc3+ 40.Kxc3 Ra5 41.Kb4  1-0

[Event "URS-chT"]
[Site "Podolsk"]
[Date "1990.??.??"]
[Round "?"]
[White "Nepomnishay, Mikhail I"]
[Black "Khasin, Alexander"]
[Result "1/2-1/2"]
[WhiteElo "2350"]
[BlackElo "2470"]

1.d4 Nf6 2.c4 e6 3.Nf3 Bb4+ 4.Nbd2 b6 5.e3 Bb7 6.Bd3 c5 7.dxc5 Bxc5 8.O-O Nc6
9.a3 Be7 10.b3 O-O 11.Bb2 d5 12.Qe2 dxc4 13.Nxc4 b5 14.Ncd2 b4 15.Ba6 Bxa6
16.Qxa6 Qb6 17.axb4  1/2-1/2

[Event "Bohemians-B"]
[Site "Prague"]
[Date "1990.??.??"]
[Round "?"]
[White "Danner, Georg"]
[Black "Znamenacek, Kvetoslav"]
[Result "1-0"]
[WhiteElo "2330"]
[BlackElo "2340"]

1.d4 Nf6 2.Nf3 e6 3.c4 Bb4+ 4.Nbd2 O-O 5.e3 b6 6.Bd3 Bb7 7.O-O d5 8.a3 Bd6
9.b4 c5 10.bxc5 bxc5 11.Rb1 Qc7 12.cxd5 exd5 13.dxc5 Bxc5 14.Bb2 Nbd7 15.Nb3 Bb6
16.Rc1 Qd6 17.Qd2 Rfe8 18.Na5 Qb8 19.Nc6 Qd6 20.Na5 Qb8 21.Nxb7 Qxb7 22.Bf5 Ne4
23.Qb4 Ndc5 24.Rfd1 Rad8 25.Bd4 Qe7 26.g3 g6 27.Bh3 Rb8 28.Ne5 Qd6 29.Nd3 a5
30.Qb2 Nxd3 31.Rxd3 Bxd4 32.Qxd4 Qf6 33.Qxf6 Nxf6 34.Bg2 Rb5 35.h4 Kg7 36.Rd4 Reb8
37.g4 Rb1 38.Rxb1 Rxb1+ 39.Kh2 h5 40.gxh5 gxh5 41.Bxd5 Ra1 42.Rd3 Nxd5 43.Rxd5 Rxa3
44.Rxh5 Ra1 45.Rg5+ Kf6 46.Kg2 a4 47.Ra5 a3 48.Ra7 a2 49.Ra5 Kg6 50.Ra6+ Kh5
51.Kf3 f6 52.Kf4 Kg6 53.h5+ Kxh5 54.Kf5 Kh4 55.Rxf6 Kh3 56.Ra6 Kg2 57.f4 Kg3
58.Ra3 Kh4 59.e4  1-0

[Event "Prague"]
[Site "Prague"]
[Date "1990.??.??"]
[Round "2"]
[White "Ftacnik, Lubomir"]
[Black "Kavalek, Lubomir"]
[Result "1/2-1/2"]
[WhiteElo "2550"]
[BlackElo "2545"]

1.d4 Nf6 2.c4 e6 3.Nf3 Bb4+ 4.Nbd2 b6 5.a3 Bxd2+ 6.Qxd2 Bb7 7.e3 O-O 8.Bd3 Ne4
9.Qc2 f5 10.O-O d6 11.Nd2 Qh4 12.f3 Nxd2 13.Bxd2 Nd7 14.Rae1 Rae8 15.Qa4 Qe7
16.b4 a6 17.e4 fxe4 18.Bxe4 b5 19.Qc2 Bxe4 20.fxe4 Nb6 21.cxb5 axb5 22.Qc6 Qd7
23.Rxf8+ Rxf8 24.Qxd7 Nxd7 25.Rc1 Rc8 26.Bf4 e5  1/2-1/2

[Event "CRO-Cup"]
[Site "Pula"]
[Date "1990.??.??"]
[Round "?"]
[White "Nikcevic, Nebojsa"]
[Black "Zupe, Miran"]
[Result "1-0"]
[WhiteElo "2335"]
[BlackElo "2330"]

1.d4 e6 2.Nf3 Nf6 3.c4 Bb4+ 4.Nbd2 d5 5.Qa4+ Nc6 6.a3 Be7 7.g3 O-O 8.Bg2 dxc4
9.Qxc4 Qd5 10.O-O Rd8 11.e3 Rb8 12.b4 Qxc4 13.Nxc4 a6 14.Bb2 Bd7 15.Rfc1 Be8
16.Nfd2 Nd5 17.Nb3 Nb6 18.Nxb6 cxb6 19.Rc2 Na7 20.Rc7 Rd7 21.Rac1 Bd6 22.Rxd7 Bxd7
23.Nd2 Bc6 24.Nc4 Bc7 25.e4 Rd8 26.Ne3 Bb8 27.d5 Bd7 28.Nc4 Nc8 29.Ne5 Be8
30.Bh3 Nd6 31.dxe6 Kf8 32.Nd7+ Bxd7 33.exd7 b5 34.Rc8 Ke7 35.Bxg7 Nxe4 36.Bf8+ Rxf8
37.Rxf8 Bc7 38.Re8+  1-0

[Event "Reykjavik op"]
[Site "Reykjavik"]
[Date "1990.??.??"]
[Round "3"]
[White "Browne, Walter S"]
[Black "Tangborn, Eric"]
[Result "1-0"]
[WhiteElo "2560"]
[BlackElo "2365"]

1.d4 Nf6 2.c4 e6 3.Nf3 Bb4+ 4.Nbd2 b6 5.a3 Bxd2+ 6.Qxd2 Bb7 7.e3 d6 8.Be2 Nbd7
9.O-O Qe7 10.b4 c5 11.Bb2 O-O 12.Rad1 Rfd8 13.dxc5 dxc5 14.Qd6 Qxd6 15.Rxd6 Kf8
16.Rfd1 Ke7 17.Ng5 e5 18.f4 Ne4 19.Nxe4 Bxe4 20.fxe5 Bf5 21.Bf3 Rac8 22.Bb7 Rc7
23.Bd5 Rf8 24.b5 f6 25.exf6+ gxf6 26.Rc6 Rxc6 27.bxc6 Ne5 28.Bxe5 fxe5 29.Rf1 Bc8
30.Rxf8 Kxf8 31.Kf2 Ke7 32.Kf3 Kd6 33.e4 a6 34.a4 Ke7 35.g4 Kf6 36.Bg8 Kg7
37.Bd5 Kf6 38.Kg3 Kg5 39.Bf7 Kf6 40.Bd5 Kg5 41.Bg8 Kg6 42.g5 Kg7 43.Bd5 Kg6
44.Kh4 Kg7 45.Kh5 Bh3 46.c7 Bc8 47.Bc6  1-0

[Event "Rimavska Sobota"]
[Site "Rimavska Sobota"]
[Date "1990.??.??"]
[Round "2"]
[White "Zhidkov, Valery S"]
[Black "Mokry, Karel"]
[Result "1/2-1/2"]
[WhiteElo "2415"]
[BlackElo "2505"]

1.d4 Nf6 2.Nf3 e6 3.c4 Bb4+ 4.Nbd2 d5 5.e3 O-O 6.a3 Be7 7.Bd3 b6 8.O-O c5
9.b3 Nc6 10.Bb2 Bb7 11.Rc1 Rc8  1/2-1/2

[Event "Rimavska Sobota"]
[Site "Rimavska Sobota"]
[Date "1990.??.??"]
[Round "13"]
[White "Gross, Stefan"]
[Black "Zhidkov, Valery S"]
[Result "1/2-1/2"]
[WhiteElo "2420"]
[BlackElo "2415"]

1.d4 Nf6 2.c4 e6 3.Nf3 Bb4+ 4.Nbd2 b6 5.g3 Bb7 6.Bg2 O-O 7.O-O Be7 8.b3 d5
9.Bb2 Nbd7 10.Rc1 c5 11.cxd5 Bxd5 12.Qc2 Rc8 13.Qb1  1/2-1/2

[Event "Rome op"]
[Site "Rome"]
[Date "1990.??.??"]
[Round "4"]
[White "Sarno, Spartaco"]
[Black "Smyslov, Vassily"]
[Result "1/2-1/2"]
[WhiteElo "2365"]
[BlackElo "2570"]

1.d4 Nf6 2.c4 e6 3.Nf3 Bb4+ 4.Nbd2 b6 5.a3 Bxd2+ 6.Qxd2 Bb7 7.e3 d6 8.Be2 O-O
9.O-O Nbd7 10.b4 Ne4 11.Qc2 f5 12.Bb2 Rf6 13.d5 Rg6 14.Ne1 Qg5 15.f4 Qe7
16.Nf3 c5 17.dxc6 Bxc6 18.Nd4 Bb7 19.Bf3 Rc8 20.Rac1 a6 21.Qd3 Ndf6 22.Rc2 h5
23.Nb3 h4 24.Bxf6 Qxf6 25.Nd2 d5 26.cxd5 Rxc2 27.Qxc2 exd5 28.Bxe4 dxe4 29.Nb3 h3
30.g3 Qf7 31.Nd4 Rd6 32.Rc1 Kh7 33.Qe2 Rd8 34.Qf1 Qh5 35.Rc7 Bc8 36.Qa1 Qg4
37.Kf2 Be6 38.Ke1 Rd6 39.Qd1 Qg6 40.Qc2 Bd7 41.Ra7 Bb5 42.a4 Bd3  1/2-1/2

[Event "Rotterdam knok"]
[Site "Rotterdam"]
[Date "1990.??.??"]
[Round "1"]
[White "Blees, Albert"]
[Black "Carlier, Bruno"]
[Result "0-1"]
[WhiteElo "2400"]
[BlackElo "2385"]

1.d4 Nf6 2.Nf3 e6 3.c4 Bb4+ 4.Nbd2 b6 5.a3 Bxd2+ 6.Bxd2 Bb7 7.Bg5 h6 8.Bh4 O-O
9.e3 c5 10.Bd3 cxd4 11.exd4 d5 12.O-O dxc4 13.Bxc4 Nbd7 14.Qe2 a6 15.Rfe1 b5
16.Ba2 Qc7 17.Rac1 Qf4 18.Qe3 Qxe3 19.fxe3 Rfc8 20.Kf1 Kf8 21.Ke2 Ne4 22.Red1 Nb6
23.Ne5 Ke8 24.Be1 Na4 25.Nd3 Nf6 26.Ba5 Be4 27.Rxc8+ Rxc8 28.b3 Nc3+ 29.Bxc3 Rxc3
30.Nc5 Bxg2 31.Kd2 Nd5 32.Rg1 Bh3 33.e4 Rf3 34.Ke2 Re3+ 35.Kf2 Rc3 36.exd5 exd5
37.Re1+ Kf8 38.Bb1 h5 39.Bd3 a5 40.Ke2 b4 41.axb4 axb4 42.Ra1 g6 43.Kd2 Bf5
44.Ra4 Bxd3 45.Rxb4 Rc2+ 46.Kxd3 Rxh2 47.Rb7 h4 48.Nd7+ Kg7 49.Ne5 Rf2 50.Ke3 Rf1
51.Ra7 h3 52.Nf3 g5 53.Ra2 g4 54.Nh2 Rg1 55.b4 g3 56.Nf3 Rf1 57.Nh2 g2 58.Rf2 Re1+  0-1

[Event "Wch U20"]
[Site "Santiago"]
[Date "1990.??.??"]
[Round "7"]
[White "Alterman, Boris"]
[Black "Martens, Martin"]
[Result "1/2-1/2"]
[WhiteElo "2400"]
[BlackElo "2320"]

1.d4 Nf6 2.c4 e6 3.Nf3 Bb4+ 4.Nbd2 d5 5.g3 O-O 6.Bg2 dxc4 7.O-O c3 8.Nc4 cxb2
9.Bxb2 Be7 10.Qb3 Nbd7 11.Nfe5 Nd5 12.Rfd1 N7b6 13.Rac1 Bd7 14.Nxd7 Qxd7
15.Ne5 Qd8 16.e4 Nf6 17.Nd3 a5 18.Nc5 Ra7 19.Bh3 a4 20.Qf3 c6 21.Ba3 Qe8
22.Bg2 Nbd7 23.Qc3 Nb8 24.Rb1 b5 25.Rbc1 Na6 26.Nd3  1/2-1/2

[Event "Schwaebisch Gmuend op"]
[Site "Schwaebisch Gmuend"]
[Date "1990.??.??"]
[Round "?"]
[White "Roeder, Mathias"]
[Black "Maksimovic, Branimir"]
[Result "0-1"]
[WhiteElo "2450"]
[BlackElo "2365"]

1.d4 Nf6 2.Nf3 e6 3.c4 Bb4+ 4.Nbd2 O-O 5.a3 Bxd2+ 6.Qxd2 Ne4 7.Qc2 f5 8.e3 b6
9.b3 Bb7 10.Bb2 d6 11.Rd1 Nd7 12.Be2 Qe7 13.O-O Rae8 14.Ne1 Qh4 15.f3 Ng5
16.Rf2 Rf6 17.Bf1 Rg6 18.g3 Nf6 19.Bg2 Nh3+ 20.Bxh3 Qxh3 21.Nd3 Nh5 22.Re1 Nxg3
23.hxg3 Rxg3+ 24.Rg2 Bxf3 25.Nf4 Bxg2 26.Nxh3 Be4+ 27.Kh2 Rxh3+ 28.Kxh3 Bxc2  0-1

[Event "Sydney"]
[Site "Sydney"]
[Date "1990.??.??"]
[Round "1"]
[White "Johansen, Darryl K"]
[Black "Martin, Benjamin"]
[Result "1/2-1/2"]
[WhiteElo "2420"]
[BlackElo "2270"]

1.d4 Nf6 2.c4 e6 3.Nf3 Bb4+ 4.Nbd2 Qe7 5.a3 Bxd2+ 6.Bxd2 d6 7.Bg5 Nbd7 8.Nd2 e5
9.d5 e4 10.e3 Qe5 11.Bf4 Qxb2 12.Be2 Nc5 13.O-O Bd7 14.f3 exf3 15.Rxf3 Ba4
16.Qe1 Bc2 17.Rf1 O-O 18.Bg5 Nfe4 19.Nxe4 Bxe4 20.Bf3 Rae8 21.Qg3 Bd3 22.Rfe1 b6
23.Rad1 Kh8 24.h4 Qe5 25.Bf4 Qf5 26.Bg4 Qe4 27.Rc1 h6 28.Qh3 Qg6 29.Red1 h5
30.Bf3 Bf5 31.Qh2 Bg4 32.Qg3 Ne4 33.Bxe4 Rxe4 34.Rd2 Qf5 35.Rf2 Qd7 36.Rfc2 Rfe8
37.Qf2 Kg8 38.Qd2 Qe7 39.Qf2 f6 40.Rf1 Qd7 41.Rc3 Qf7 42.Kh2 Bc8 43.Qg3 Kh7
44.Qf2 Qg6 45.Qc2 Qg4 46.Bg3 Kg8 47.Rf3 a5 48.Qa4 Qd7 49.Qc2 R8e7 50.Kg1 Ba6
51.Bf2 Qe8 52.Qb3 Bc8 53.Rf4 R4e5 54.Qc2 Bg4 55.Kh2 Re4 56.Rxe4 Rxe4 57.Qb3 Bf5
58.Kg1 Rg4 59.g3 Be4 60.Kf1 Qe5 61.Ke1 a4 62.Qb2 Bf5 63.Qd2 Qe4 64.Qd1 Qh1+
65.Kd2 Qxd1+ 66.Kxd1 Bc8 67.Kd2 Ba6 68.Kd3 f5 69.Rc1 Kf7 70.Be1 Ke7 71.Rc2 Kd7
72.Rc1 g6 73.Rc2 Re4 74.Bb4 Rg4 75.Be1 b5 76.cxb5 Bxb5+ 77.Kc3 Re4 78.Bf2 Bc4
79.Rd2 Bb3 80.Rd4 Re5 81.Kd2 Bxd5 82.Rxa4 Be4 83.Be1 Rc5 84.Ke2 Rc2+  1/2-1/2

[Event "Toulouse op"]
[Site "Toulouse"]
[Date "1990.??.??"]
[Round "4"]
[White "Werner, Dimo"]
[Black "Bogdanovski, Vlatko"]
[Result "0-1"]
[WhiteElo "2350"]
[BlackElo "2410"]

1.d4 Nf6 2.Nf3 e6 3.c4 Bb4+ 4.Nbd2 b6 5.a3 Bxd2+ 6.Bxd2 Bb7 7.Bg5 d6 8.e3 Nbd7
9.Bd3 h6 10.Bh4 g5 11.Bg3 h5 12.h3 Rg8 13.Qe2 h4 14.Bh2 Ne4 15.O-O-O Qe7
16.Rhg1 e5 17.Nd2 Nxd2 18.Rxd2 e4 19.Bc2 f5 20.Ba4 O-O-O 21.Kb1 Nf6 22.Rc1 g4
23.c5 dxc5 24.Be5 Nd5 25.Bb3 Rg6 26.Bxd5 Bxd5 27.Qa6+ Kb8 28.Rxc5 Rc6 29.Rxc6 Bxc6
30.Rc2 Qd7 31.Qc4 Kb7 32.Rc1 Rc8 33.d5 Bxd5 34.Rd1 Rd8 35.Qd4 c5 36.Qc3 Ba2+
37.Kxa2 Qxd1 38.Bf6 Rd7 39.hxg4 fxg4 40.Bxh4 Qd3  0-1

[Event "USA op"]
[Site "USA"]
[Date "1990.??.??"]
[Round "?"]
[White "Browne, Walter S"]
[Black "Burnett, Ronald"]
[Result "1-0"]
[WhiteElo "2560"]
[BlackElo "2305"]

1.d4 Nf6 2.c4 e6 3.Nf3 Bb4+ 4.Nbd2 b6 5.a3 Bxd2+ 6.Qxd2 Bb7 7.e3 a5 8.b3 d5
9.Bb2 O-O 10.Rc1 Nbd7 11.Be2 Rc8 12.O-O Ne4 13.Qd1 f5 14.Nd2 Qg5 15.f4 Qe7
16.Nxe4 fxe4 17.Bg4 Nf6 18.Be2 a4 19.c5 Qd7 20.cxb6 cxb6 21.Rxc8 Rxc8 22.bxa4 Bc6
23.Qb3 Bxa4 24.Qxb6 Qe8 25.Qb4 Rb8 26.Qd2 Bb5 27.Bc3 Bxe2 28.Qxe2 Rb3 29.Bb4 Qc6
30.h3 Nd7 31.Qf2 g6 32.Qh4 Rxe3 33.Qd8+ Kg7 34.Qe7+ Kg8 35.Qe8+  1-0

[Event "Vladivostok op"]
[Site "Vladivostok"]
[Date "1990.??.??"]
[Round "?"]
[White "Sutorikhin, Jevgenij"]
[Black "Khasin, Alexander"]
[Result "1/2-1/2"]
[WhiteElo "2320"]
[BlackElo "2475"]

1.d4 Nf6 2.Nf3 e6 3.c4 Bb4+ 4.Nbd2 b6 5.a3 Bxd2+ 6.Qxd2 Bb7 7.g3 O-O 8.Bg2 c5
9.dxc5 bxc5 10.O-O a5 11.b3 d5 12.cxd5 exd5 13.Bb2 Ne4 14.Qc2 Qb6 15.Nd2 Nxd2
16.Qxd2 d4 17.Bxb7 Qxb7 18.b4 axb4 19.axb4 Rxa1 20.Rxa1 Qxb4 21.Qxb4 cxb4
22.Bxd4 Nc6 23.Bc5 Rb8 24.Bd6 Rd8 25.Bc7 Rc8 26.Ra6 Nd4 27.Rb6 f6 28.Rxb4 Nxe2+  1/2-1/2

[Event "Voskresensk"]
[Site "Voskresensk"]
[Date "1990.??.??"]
[Round "?"]
[White "Miralles, Gilles"]
[Black "Ulibin, Mikhail"]
[Result "0-1"]
[WhiteElo "2460"]
[BlackElo "2500"]

1.d4 e6 2.c4 Nf6 3.Nf3 Bb4+ 4.Nbd2 b6 5.a3 Bxd2+ 6.Bxd2 Bb7 7.Bg5 h6 8.Bh4 d6
9.e3 Nbd7 10.Rc1 a5 11.Qa4 g5 12.Bg3 Ne4 13.c5 bxc5 14.Bb5 Qc8 15.dxc5 Nxc5
16.Qd4 Ke7 17.Bxd7 Qxd7 18.Ne5 Qb5 19.Ng6+ fxg6 20.Qg7+ Ke8 21.Qxh8+ Kf7
22.Qh7+ Kf6 23.Rxc5 dxc5 24.Qxc7 Bxg2 25.e4 Qxb2 26.Bd6 Qc3+  0-1

[Event "Acasusso op"]
[Site "Acasusso"]
[Date "1991.??.??"]
[Round "4"]
[White "Sorin, Ariel"]
[Black "Devcic, Marcos"]
[Result "1-0"]
[WhiteElo "2405"]
[BlackElo "2365"]

1.d4 Nf6 2.c4 e6 3.Nf3 Bb4+ 4.Nbd2 O-O 5.e3 a5 6.Bd3 d5 7.O-O Re8 8.Ne5 b6
9.Qc2 Bb7 10.b3 Bd6 11.Bb2 Na6 12.a3 c5 13.cxd5 exd5 14.f4 Nc7 15.Rf3 a4
16.bxa4 c4 17.Bf5 Re7 18.Bc3 Ra6 19.Bb4 Nce8 20.g4 Qa8 21.Rh3 g6 22.g5 Nh5
23.Bxd6 Nxd6 24.Bxg6 hxg6 25.Nxg6 fxg6 26.Qxg6+ Ng7 27.Qxd6 Re6 28.Qb4 Qf8
29.Rh8+ Kxh8 30.Qxf8+ Kh7 31.f5 Re8 32.Qf7 Bc8 33.f6 Rg8 34.g6+ Kh8 35.fxg7+ Rxg7
36.Qf8+ Rg8 37.Qh6+  1-0

[Event "Acasusso op"]
[Site "Acasusso"]
[Date "1991.??.??"]
[Round "10"]
[White "Sorin, Ariel"]
[Black "Fernandez Murga, Roberto"]
[Result "1-0"]
[WhiteElo "2405"]
[BlackElo "2250"]

1.d4 Nf6 2.c4 e6 3.Nf3 Bb4+ 4.Nbd2 O-O 5.e3 d6 6.Bd3 e5 7.O-O Bxd2 8.Nxd2 Nc6
9.d5 Ne7 10.Qc2 Ng6 11.f4 exf4 12.exf4 c6 13.dxc6 Qb6+ 14.Kh1 Qxc6 15.Ne4 Nd7
16.f5 Nge5 17.f6 Ng6 18.fxg7 Kxg7 19.Qd2 f6 20.Qh6+ Kg8 21.Bg5 f5 22.Ng3 Nde5
23.Bxf5 Nf7 24.Qh5 Bxf5 25.Nxf5 Nxg5 26.Qxg5 Rae8 27.h4 Re5 28.Rf2 Qc8 29.Raf1 Qd8
30.Nh6+ Kg7 31.Rf7+ Kh8 32.Rxf8+  1-0

[Event "Altensteig"]
[Site "Altensteig"]
[Date "1991.??.??"]
[Round "7"]
[White "Muse, Mladen"]
[Black "Schmittdiel, Eckhard"]
[Result "1/2-1/2"]
[WhiteElo "2445"]
[BlackElo "2490"]

1.d4 Nf6 2.c4 e6 3.Nf3 Bb4+ 4.Nbd2 b6 5.e3 Bb7 6.Bd3 Ne4 7.O-O f5 8.a3 Bd6
9.Ne5 O-O 10.Qc2 Nxd2 11.Bxd2 Qg5 12.e4 f4 13.Nf3 Qh5 14.b4 Nc6 15.c5 Be7
16.b5 Nxd4 17.Nxd4 bxc5 18.Nb3 f3 19.Rfe1 fxg2 20.f4 a6 21.bxa6 Bxa6 22.Bxa6 Rxa6
23.Be3 Rf6 24.Re2 c4 25.Qxc4 Rxa3 26.Rxa3 Bxa3 27.Qd3 Bd6 28.Rf2 Qh3 29.Qe2 Bxf4
30.Rxf4 Rh6 31.Rf8+ Kxf8 32.Bxh6 Qxh6 33.Qf3+ Ke7 34.Kxg2 c5 35.Qc3 d6 36.Qd3 Qf4
37.Nd2 h5 38.Nc4 d5 39.exd5 Qg5+ 40.Kf2 exd5 41.Ne3 d4 42.Qe4+ Kf7 43.Nc4 Qf6+
44.Ke2 Qe6 45.Nd2  1/2-1/2

[Event "JUG-Cup qual"]
[Site "Arandjelovac"]
[Date "1991.??.??"]
[Round "4"]
[White "Ristic, Nebojsa"]
[Black "Trifunovic, Miroljub"]
[Result "1-0"]
[WhiteElo "2410"]
[BlackElo "2275"]

1.d4 Nf6 2.Nf3 e6 3.c4 Bb4+ 4.Nbd2 d5 5.a3 Be7 6.g3 a5 7.Bg2 a4 8.O-O O-O
9.Qc2 Nc6 10.Rd1 Bd7 11.e4 dxe4 12.Nxe4 Nxe4 13.Qxe4 Bf6 14.Bd2 Re8 15.Bc3 Qb8
16.Ne5 Bxe5 17.dxe5 Rd8 18.Qh4 Be8 19.Be4 h6 20.Bc2 Rxd1+ 21.Rxd1 b5 22.Qe4 g6
23.Qf4 h5 24.Be4 bxc4 25.h4 Ne7 26.g4 hxg4 27.h5 Bc6 28.Bxc6 Nxc6 29.hxg6 fxg6
30.Rd7 Qe8 31.Rxc7 Ne7 32.Qxg4 Nd5 33.Rb7 Rd8 34.Qxc4 g5 35.Qg4 Qg6 36.Bd2 Ne7
37.Rxe7 Rxd2 38.Rxe6 Qb1+ 39.Kg2 Rxf2+ 40.Kxf2 Qxb2+ 41.Ke3 Qc1+ 42.Ke4 Qb1+
43.Kd5 Qb5+ 44.Kd6 Qd3+ 45.Ke7 Qh7+ 46.Ke8 Qd3 47.Rd6  1-0

[Event "GER-ch"]
[Site "Bad Neuenahr"]
[Date "1991.??.??"]
[Round "11"]
[White "Muse, Mladen"]
[Black "Schmittdiel, Eckhard"]
[Result "0-1"]
[WhiteElo "2460"]
[BlackElo "2485"]

1.d4 Nf6 2.Nf3 e6 3.c4 Bb4+ 4.Nbd2 O-O 5.e3 Re8 6.Qc2 Nc6 7.a3 Bf8 8.b4 d6
9.Bb2 g6 10.Be2 Bg7 11.O-O a6 12.Rfd1 Qe7 13.Nb3 Bd7 14.b5 axb5 15.cxb5 Na7
16.a4 Rec8 17.e4 Qd8 18.e5 Nd5 19.Na5 b6 20.Nc4 dxe5 21.dxe5 c6 22.bxc6 Nxc6
23.Qe4 Na5 24.Nd6 Rc7 25.Bb5 Nb3 26.Rab1 Nc5 27.Qg4 Nxa4 28.Nxf7 Qe7 29.Bxd7 Rxd7
30.Nd6 Nxb2 31.Rxb2 Bxe5 32.Nxe5 Rxd6 33.Re1 Rf8 34.g3 Qf6 35.Rbe2 Nc3 36.Rc2 Nb5
37.Re4 Qf5 38.Rb2 Nc3 39.Re1 Rfd8 40.Qxf5 exf5 41.Nc4 Rd1 42.Rxd1 Rxd1+ 43.Kg2 b5
44.Na3 Rd5 45.Rb3 Rc5 46.Kf3 Ne4 47.Ke3 b4 48.Nb1 Rc2 49.Rxb4 Nxf2 50.h4 Ng4+
51.Kd4 Rg2 52.Rb3 Nf6 53.Ke5 Nh5 54.Nc3 Rxg3 55.Rb8+ Kg7 56.Nd5 Rg4 57.Rb7+ Kh6
58.Ne7 Re4+ 59.Kd6 Nf6 60.Rb8 Rxh4 61.Ke6 Kg5 62.Kf7 Re4 63.Rb1 Ng4 64.Rh1 Nh6+
65.Kf8 f4 66.Rg1+ Ng4 67.Nxg6 hxg6 68.Rxg4+ Kxg4  0-1

[Event "JUG-ch"]
[Site "Banja Vrucica"]
[Date "1991.??.??"]
[Round "?"]
[White "Nikcevic, Nebojsa"]
[Black "Drasko, Milan"]
[Result "1-0"]
[WhiteElo "2440"]
[BlackElo "2500"]

1.d4 Nf6 2.Nf3 e6 3.c4 Bb4+ 4.Nbd2 b6 5.a3 Bxd2+ 6.Qxd2 Bb7 7.e3 O-O 8.Bd3 Ne4
9.Qc2 f5 10.O-O Rf6 11.Rd1 d6 12.b4 Nd7 13.Bb2 Rg6 14.d5 Ng5 15.Nxg5 Qxg5
16.f4 Qg4 17.e4 Rh6 18.Rf1 Qh5 19.h3 Rf8 20.Rae1 fxe4 21.Bxe4 exd5 22.cxd5 Bxd5
23.Qxc7 Rf7 24.Bxd5 Qxd5 25.Re8+ Nf8 26.Rxf8+  1-0

[Event "Berliner Sommer"]
[Site "Berlin"]
[Date "1991.??.??"]
[Round "?"]
[White "Naumkin, Igor"]
[Black "Cladouras, Panagiotis"]
[Result "0-1"]
[WhiteElo "2490"]
[BlackElo "2370"]

1.d4 Nf6 2.c4 e6 3.Nf3 Bb4+ 4.Nbd2 b6 5.a3 Bxd2+ 6.Bxd2 Bb7 7.Bg5 h6 8.Bh4 g5
9.Bg3 d6 10.e3 Ne4 11.Nd2 Nxg3 12.hxg3 Nd7 13.g4 Qf6 14.Qc2 Qg7 15.Qa4 Ke7
16.O-O-O c5 17.Nb1 Rhc8 18.Nc3 a6 19.Qc2 cxd4 20.exd4 b5 21.cxb5 axb5 22.Bxb5 Nb6
23.Kb1 Bxg2 24.Rhg1 Bf3 25.Rd2 h5 26.gxh5 Bxh5 27.Qb3 Rab8 28.Ka2 Bf3 29.Re1 g4
30.Rd3 Qg5 31.d5 Rxc3 32.Rxc3 Nxd5 33.Rxf3 gxf3 34.a4 Nc7 35.Qxf3 Nxb5 36.axb5 Qxb5
37.Re2 Qa4+ 38.Qa3 Qc4+ 39.Kb1 Qd5 40.Rc2 Qh1+ 41.Rc1 Qe4+ 42.Rc2 Rc8  0-1

[Event "Berliner Sommer"]
[Site "Berlin"]
[Date "1991.??.??"]
[Round "?"]
[White "Tibensky, Robert"]
[Black "David, Adrian"]
[Result "1-0"]
[WhiteElo "2380"]
[BlackElo "2295"]

1.d4 Nf6 2.c4 e6 3.Nf3 Bb4+ 4.Nbd2 b6 5.e3 Bb7 6.Bd3 O-O 7.O-O d5 8.b3 Qe7
9.Qc2 c5 10.dxc5 Bxc5 11.Bb2 Nbd7 12.e4 dxe4 13.Nxe4 Nxe4 14.Bxe4 Bxe4 15.Qxe4 Ba3
16.Ng5 Qxg5 17.Bxa3 Nc5 18.Qe2 Rfd8 19.Rad1 e5 20.Bxc5 bxc5 21.Rd5 Rxd5 22.cxd5 Rd8
23.Rd1 Qe7 24.Qa6 Qc7 25.d6 Qb6 26.Qd3 Qc6 27.f3 g6 28.Qd5 Qb6 29.Kh1 Qa5
30.Rd2 Rd7 31.h3 Qc3 32.Kh2 Qa5 33.Rd1 Qxa2 34.Qc6  1-0

[Event "Biel Mixed"]
[Site "Biel"]
[Date "1991.??.??"]
[Round "1"]
[White "Klauser, Markus"]
[Black "Boog, Alexandre"]
[Result "0-1"]
[WhiteElo "2370"]
[BlackElo "2340"]

1.d4 Nf6 2.c4 e6 3.Nf3 Bb4+ 4.Nbd2 b6 5.a3 Bxd2+ 6.Bxd2 Bb7 7.Bg5 h6 8.Bh4 d6
9.e3 Nbd7 10.Be2 Qe7 11.O-O g5 12.Bg3 h5 13.h4 gxh4 14.Bxh4 Rg8 15.Ne1 e5
16.d5 Rg7 17.Qa4 Kf8 18.Qd1 Kg8 19.f3 Kh8 20.Bd3 Nf8 21.Rf2 N8h7 22.f4 Rg4
23.Bxf6+ Nxf6 24.fxe5 dxe5 25.Qf3 Kg7 26.Qd1 Rd8 27.e4 Rh8 28.Qe2 Bc8 29.Nc2 Rg3
30.Raf1 Rh6 31.Ne3 Qc5 32.Rf3 h4 33.Qf2 Rxf3 34.Qxf3 Qd4 35.Bc2 Qxb2 36.Rf2 Qa1+
37.Kh2 Rg6 38.Rf1 Qd4 39.Nf5+ Bxf5 40.Qxf5 Qc3  0-1

[Event "Biel Mixed"]
[Site "Biel"]
[Date "1991.??.??"]
[Round "5"]
[White "Landenbergue, Claude"]
[Black "Boog, Alexandre"]
[Result "0-1"]
[WhiteElo "2415"]
[BlackElo "2340"]

1.d4 Nf6 2.c4 e6 3.Nf3 Bb4+ 4.Nbd2 b6 5.a3 Bxd2+ 6.Bxd2 Ne4 7.Bf4 Bb7 8.e3 d6
9.Bd3 Nd7 10.Qc2 f5 11.O-O O-O 12.b4 Qe7 13.Nd2 Nxd2 14.Qxd2 e5 15.Bg3 Rae8
16.c5 g5 17.cxd6 cxd6 18.dxe5 Nxe5 19.Bb5 Rd8 20.Rad1 h5 21.f4 Ng4 22.fxg5 Qxe3+
23.Kh1 h4 24.Bxh4 f4 25.Qa2+ Kg7 26.Qb2+ Qe5 27.Qxe5+ dxe5 28.g6 Rxd1 29.Rxd1 Bxg2+
30.Kg1 Be4 31.Re1 Bxg6 32.h3 Rh8 33.hxg4 Rxh4 34.Rxe5 Rxg4+ 35.Kf2 Kf6 36.Rd5 Be4
37.Rd7 Rg7 38.Rd8 Ke5 39.Bf1 Rc7 40.Bd3 Bxd3 41.Rxd3 Ke4 42.Rb3 Rc2+ 43.Ke1 f3
44.b5 Kf4 45.Kf1 Kg3 46.Rb1 Rh2  0-1

[Event "CSR-ch"]
[Site "Bratislava"]
[Date "1991.??.??"]
[Round "4"]
[White "Vokac, Marek"]
[Black "Znamenacek, Kvetoslav"]
[Result "1-0"]
[WhiteElo "2455"]
[BlackElo "2340"]

1.d4 Nf6 2.c4 e6 3.Nf3 Bb4+ 4.Nbd2 d5 5.e3 O-O 6.a3 Be7 7.Bd3 Nbd7 8.O-O c5
9.b3 b6 10.Bb2 Bb7 11.Qe2 Rc8 12.Rad1 Qc7 13.Ne5 Nxe5 14.dxe5 Nd7 15.f4 f5
16.exf6 Nxf6 17.e4 dxe4 18.Nxe4 Nxe4 19.Bxe4 Bxe4 20.Qxe4 Qc6 21.Qxc6 Rxc6
22.Rd7 Bf6 23.Bxf6 Rxf6 24.g3 Rf7 25.Rfd1 Rc7 26.Rd8+ Rf8 27.R8d6 Re8 28.Kg2 Kf7
29.Kf3 Kf6 30.Ke4 h5 31.Rd7 Re7 32.Rd8 Rf7 33.h3 Ke7 34.g4 hxg4 35.hxg4 g5
36.fxg5 Rg7 37.Kf4 Rf7+ 38.Kg3 Rg7 39.Rh8 Rd7 40.Rxd7+ Kxd7 41.Kh4 e5 42.Kh5 e4
43.Kh6 Rg8 44.Rxg8 e3 45.g6 e2 46.Rd8+ Kxd8 47.g7 e1=Q 48.g8=Q+ Ke7 49.Qg5+ Ke8
50.Qd5 Qe3+ 51.g5 Qxb3 52.Qe6+ Kd8 53.g6 Qg3 54.g7 Qh4+ 55.Kg6 Qg3+ 56.Kf6 Qh4+
57.Kf7 Qh5+ 58.Qg6  1-0

[Event "Honved"]
[Site "Budapest"]
[Date "1991.??.??"]
[Round "8"]
[White "Farago, Sandor"]
[Black "Petrosian, Arshak B"]
[Result "0-1"]
[WhiteElo "2395"]
[BlackElo "2505"]

1.d4 Nf6 2.c4 e6 3.Nf3 Bb4+ 4.Nbd2 O-O 5.g3 b6 6.Bg2 Bb7 7.O-O c5 8.a3 Bxd2
9.Qxd2 cxd4 10.Qxd4 Nc6 11.Qd3 Rc8 12.e4 Na5 13.e5 Ne4 14.Re1 Nc5 15.Qe2 Ncb3
16.Rb1 Rxc4 17.Bf4 Qc8 18.Rbd1 Re4 19.Qb5 Rxe1+ 20.Nxe1 Bc6 21.Qd3 Nc5 22.Qb1 Nab3
23.Nf3 Be4 24.Qa2 Qb7 25.Ne1 Bxg2 26.Nxg2 Qf3 27.Qb1 h6 28.Qc2 a5 29.Ne1 Qb7
30.Qe2 Rc8 31.Qg4 Qe4 32.f3 Qh7 33.Be3 a4 34.Kg2 Rc6 35.h4 Kf8 36.Qb4 Qf5
37.Rxd7 Qxe5 38.Bf2 Kg8 39.Ra7 Rd6 40.Qb5 Rd8 41.Qxb6 Rd2 42.Qc7 Qf6 43.h5 Nd3
44.Nxd3 Rxd3 45.Ra8+ Kh7 46.Qc6 Nd2 47.g4 g6 48.hxg6+ Kxg6 49.Rxa4 Qxb2 50.Qe8 Nxf3
51.Qg8+ Qg7 52.Qc8 Kh7 53.Rf4 Ng5 54.Qc2 Qg6 55.Qb2 e5 56.Rc4 Qe6 57.Qb5 Rxa3
58.Qb1+ Kg7 59.Qc2 Qd5+ 60.Kh2 Rh3+  0-1

[Event "Cansys IM-A"]
[Site "Budapest"]
[Date "1991.??.??"]
[Round "8"]
[White "Petronic, Jovan"]
[Black "Schwarz, Michael"]
[Result "1-0"]
[WhiteElo "2355"]
[BlackElo "2315"]

1.d4 Nf6 2.c4 e6 3.Nf3 Bb4+ 4.Nbd2 O-O 5.a3 Bxd2+ 6.Qxd2 b6 7.g3 Ba6 8.Qc2 Nc6
9.e4 d6 10.Bd3 d5 11.e5 Ne4 12.O-O f5 13.Be3 Na5 14.b3 Rc8 15.c5 Bxd3 16.Qxd3 g5
17.Bd2 Nc6 18.b4 f4 19.Ne1 fxg3 20.hxg3 Rf5 21.g4 Rf7 22.Be3 Ne7 23.f3 Ng3
24.Rf2 Ng6 25.Kh2 Nf4 26.Qd2 Nfe2 27.Rxe2 Nxe2 28.Bxg5 Qf8 29.Qxe2 h5 30.Kg3 Qg7
31.Bf6 Qh6 32.g5 h4+ 33.Kh3  1-0